Geography and History of Israel and Palestine on a Map - Statistics

General Stats
  • This quiz has been taken 1,543 times
    950 since last reset
  • The average score is 17 of 50
Answers on the Map
Answers color-coded by a green-red scale on the quiz's map according to % correct below.
 
Answer Stats
Answer % Correct
Jerusalem
97%
Gaza City
92%
Tel Aviv
91%
West Bank
79%
Haifa
72%
Golan Heights
68%
Dead Sea
67%
Benjamin Netanyahu
54%
Jericho
47%
Solomon
45%
Yasser Arafat
44%
David Ben-Gurion
43%
Hebron
42%
Saint Peter
41%
Be'er-Sheva
39%
Wailing Wall
38%
Book of Exodus
37%
Armenian Quarter
34%
Natalie Portman
33%
Samson
33%
Southern District
33%
Battle of Jaffa
32%
Northern District
32%
Akko
31%
Gulf of Aqaba
31%
Al-Aqsa
30%
Central District
28%
Ashdod
26%
Nablus
26%
Canaan
25%
Mount Olivet
24%
Ark of the Covenant
23%
Philistines
22%
Falafel
20%
Saint Matthew
20%
Church of the Holy Sepulchre
19%
Samaria
19%
Masada
18%
Knight's Templar
15%
Safed
15%
Levantine Sea
14%
Caesarea Maritima
13%
Rishon LeZion
13%
Battle of Hattin
9%
Mount Tabor
9%
Battle of Ascalon
7%
Rosh HaNikra
6%
Krembo
5%
Battle of Arsuf
3%
Hisham's Palace
2%
No matching quizzes found
Score Distribution
Percent of People with Each Score
Percentile by Number Answered
Your Score History
You have not taken this quiz since the last reset